000
00489nam a2200181Ia 4500
008
090123s9999 xx 000 0 und d
082
_b
163
100
_a
खांडेकर वि.स.
245
_a
मझधंार
250
_a
1
260
_b
देशमुख रा.ज.
300
_a
354
600
_a
खांडेकर वि.स.
630
_a
मझधंार
700
_a
खांडेकर वि.स.
730
_a
मझधंार
942
_c
BOOK
999
_c
38251
_d
38251